01798nam a2200337 a 450000100100000000500170001000800410002702000160006804000250008408200170010910000270012624501640015326000520031730000270036949000470039650400730044365000410051665000340055765000470059165000430063870000360068170000360071783000550075304900090080895201300081795201300094795201300107795201150120795201210132299900170144300001529520240715140508.0100204s2001 dr a 001 0 spa d z99934240604 aDO-SdBNPbspacBNPHU a370.7bG212c1 aGarabito, Noris93458710aCiencias de la naturaleza y derechos humanos :banálisis y propuestas educativas /cNoris Garabito , Ana Jesús Hernández ; edición Raymundo González. aSanto Domingo :bCentro Cultural Poveda,c2001. a93 p. :bil. ;c28 cm.1 aCuadernos de Sociedad y Educaciónvv. 14 aIncluye referencias bibliográficas y notas al pie de las páginas 4aDerechos humanosxEnseñanza934588 4aCapacitación docente917398 4aFormación profesional de maestros917397 4aCiencias naturalesxEnseñanza9257541 aHernández, Ana Jesús934589 aGonzález, Raymundoeed.96373 0aCuadernos de Sociedad y Educaciónnno. 14934590 aBNPD 001054708DSaGRbGRcCTd2010-02-04iLF1l0o370.7 G212cp15295-30r2020-06-25te. 3w2020-06-25yLFDSZPréstamo en sala 001054708DSaGRbGRcCTd2010-02-04iLF1l0o370.7 G212cp15295-40r2020-06-25te. 4w2020-06-25yLFDSZPréstamo en sala 001054708DSaGRbGRcCTd2010-02-04iLF1l0o370.7 G212cp15295-50r2020-06-25te. 5w2020-06-25yLFDSZPréstamo en sala 0010718PDaPDbPDcCTd2010-02-04iLF1l0o370.7 G212cp15295-10r2020-06-25w2020-06-25yLFPDZNo se presta 0010718PDaPDbPDcCTd2010-02-04iLF1l0o370.7 G212cp15295-20r2020-06-25te. 2w2020-06-25yLFPDZNo se presta c14861d14861